000 00475nam a2200205Ia 4500
003 OSt
005 20221005133213.0
006 a|||||r|||| 00| 0
007 ta
008 221004b |||||||| |||| 00| 0 eng d
024 _a114834
037 _cTextual
040 _aCRL
_cCRL
_beng
041 _2eng
_aeng
100 _aMeheshwari V C
_9642219
245 0 _aVyaparik Sanniyam
260 _c1988
942 _cTEXL
_2cc
999 _c1066104
_d1066104